La iglesia

Guardat en:
Dades bibliogràfiques
Autor principal: Küng, Hans (Autor)
Format: Llibre
Idioma:espanyol
Publicat: Barcelona Herder 1969
Edició:2a. ed
Col·lecció:Biblioteca Herder. Sección de Teología y Filosofía, 113
Matèries:
Etiquetes: Afegir etiqueta
Sense etiquetes, Sigues el primer a etiquetar aquest registre!

MARC

LEADER 00000nam a2200000 a 4500
001 UCR1803
003 CL-VaPUC
008 971219e19690000SP |||||||||||||||||spa|d
082 0 4 |a 260  |b KUN  |2 21 
100 |a Küng, Hans  |e author  |9 416134 
245 1 3 |a La iglesia 
250 |a 2a. ed 
300 |a 619 p 
942 |c BK 
945 |d 19971219 00:00:00  |a jquezada 
260 |a Barcelona  |b Herder  |c 1969 
600 0 |a Dios  |9 314467 
600 0 |a Jesús  |9 313614 
650 0 |a Teología social  |9 326726 
650 0 |a Iglesia   |9 255004 
650 0 |a Predicación  |9 398079 
650 0 |a Escatología  |9 314395 
650 0 |a Espiritualidad   |9 267331 
650 0 |a Sacerdocio  |9 319738 
583 |a last modification  |c 19971219 00:00:00  |k Rodrigo Vera 
490 0 |a Biblioteca Herder. Sección de Teología y Filosofía, 113 
999 |c 265167  |d 265165 
952 |0 0  |1 0  |4 0  |6 260_000000000000000_KUN_1969  |7 0  |8 A  |9 295987  |a BIBTEO  |b BIBTEO  |d 2019-11-20  |i 3373320  |o 260 KUN 1969  |p 3373320  |r 2025-01-17  |w 2019-11-20  |y BK  |k ICR